书目信息 |
| 题名: |
无机化学
|
|
| 作者: | 张祖德 编著 | |
| 分册: | ||
| 出版信息: | 合肥 中国科学技术大学出版社 2014.10 |
|
| 页数: | 612页 | |
| 开本: | 24cm | |
| 丛书名: | ||
| 单 册: | ||
| 中图分类: | O61 | |
| 科图分类: | ||
| 主题词: | 无机化学 | |
| 电子资源: | ||
| ISBN: | 7-312-03560-4 | |
| 000 | 00557nam0 2200205 450 | |
| 001 | 1858866044 | |
| 005 | 20181121163033.47 | |
| 010 | @a7-312-03560-4@dCNY78.00 | |
| 100 | @a20181121d2014 km y0chiy0120 ea | |
| 101 | 0 | @achi |
| 102 | @aCN@b340000 | |
| 200 | 1 | @a无机化学@Awu ji hua xue@f张祖德编著@Fzhang zu de bian zhu |
| 205 | @a第2版 | |
| 210 | @a合肥@c中国科学技术大学出版社@d2014.10 | |
| 215 | @a612页@d24cm | |
| 606 | 0 | @a无机化学 |
| 690 | @aO61@v4 | |
| 701 | 0 | @a张祖德@Azhang zu de@4编著 |
| 801 | 0 | @aCN@bMUSE@c20181121 |
| 905 | @aMUSE@dO61@eZ2502=2 | |
| 无机化学/张祖德编著.-第2版.-合肥:中国科学技术大学出版社,2014.10 |
| 612页;24cm |
| ISBN 7-312-03560-4:CNY78.00 |
| ● |
| 相关链接 |
|
|
|
正题名:无机化学
索取号:O61/Z2502=2
 
预约/预借
| 序号 | 登录号 | 条形码 | 馆藏地/架位号 | 状态 | 备注 |
| 1 | 1281944 | 212819440 | 自科库401/401自科库 91排2列2层/ [索取号:O61/Z2502=2] | 在馆 |